Auditing : An integrated Approach
Spremljeno u:
| Glavni autor: | |
|---|---|
| Format: | Knjiga |
| Jezik: | Undetermined |
| Izdano: |
Sydney
Prentical Hall
1997
|
| Teme: | |
| Oznake: |
Dodaj oznaku
Bez oznaka, Budi prvi tko označuje ovaj zapis!
|
| Thư viện lưu trữ: | Trung tâm Học liệu Trường Đại học Cần Thơ |
|---|
| LEADER | 00502nam a2200193Ia 4500 | ||
|---|---|---|---|
| 001 | CTU_145599 | ||
| 008 | 210402s9999 xx 000 0 und d | ||
| 020 | |c 246000 | ||
| 082 | |a 657.45 | ||
| 082 | |b A681 | ||
| 100 | |a Arens, Alvin A. | ||
| 245 | 0 | |a Auditing : | |
| 245 | 3 | |b An integrated Approach | |
| 245 | 0 | |c Alvin A. Arens, Jamé K. Loebbecke | |
| 260 | |a Sydney | ||
| 260 | |b Prentical Hall | ||
| 260 | |c 1997 | ||
| 650 | |a Auditing | ||
| 980 | |a Trung tâm Học liệu Trường Đại học Cần Thơ | ||